logo image

Mafia : A Global History (Record no. 44375)

MARC details
000 -LEADER
fixed length control field 00394nam a22001697a 4500
003 - CONTROL NUMBER IDENTIFIER
control field OSt
005 - DATE AND TIME OF LATEST TRANSACTION
control field 20260417133529.0
008 - FIXED-LENGTH DATA ELEMENTS--GENERAL INFORMATION
fixed length control field 260417b |||||||| |||| 00| 0 eng d
020 ## - INTERNATIONAL STANDARD BOOK NUMBER
International Standard Book Number 9781398531666
040 ## - CATALOGING SOURCE
Transcribing agency BGL
100 ## - MAIN ENTRY--PERSONAL NAME
Personal name Gingeras Ryan
245 ## - TITLE STATEMENT
Title Mafia : A Global History
260 ## - PUBLICATION, DISTRIBUTION, ETC.
Place of publication, distribution, etc. New Delhi
Name of publisher, distributor, etc. Simon & Schuster
Date of publication, distribution, etc. 2026
300 ## - PHYSICAL DESCRIPTION
Extent 424p
600 ## - SUBJECT ADDED ENTRY--PERSONAL NAME
Personal name General
942 ## - ADDED ENTRY ELEMENTS (KOHA)
Source of classification or shelving scheme Dewey Decimal Classification
Koha item type REF
Holdings
Withdrawn status Lost status Source of classification or shelving scheme Damaged status Not for loan Home library Current library Date acquired Source of acquisition Cost, normal purchase price Discount Net Cost Total Checkouts Barcode Date last seen Cost, replacement price Price effective from Koha item type
    Dewey Decimal Classification     BGL BGL 23.03.2026 The United Book House : 45/403 999.00 20% 799.00   69698 17.04.2026 999.00 17.04.2026 REF

Powered by Koha